000 01071cam a22003011 4500
001 sa 68020892
003 DLC
005 20260227112728.0
008 840614s1967 ii 000 0 tamo
010 _asa 68020892
025 _aPL480:I-T-1938
035 _a(OCoLC)21637465
040 _aDLC
_cCU
_dDLC
042 _apremarc
050 0 0 _aBL1228.2
_b.I85
130 0 _aIyar̲pā.
_pIraṇṭāntiruvantāti.
245 1 0 _aPūtattāl̲vār aruḷiya Iraṇṭāntiruvantāti.
_cPeriyavāccn̲̄piḷḷai vyākyān̲am, Appiḷḷaiyurai vivaraṇttuṭan̲. Patippāciriyar S. Kiruṣṇasvāmi Ayyaṅkār.
260 _a[Tirucci?
_c1967]
300 _a4, 2, 385 p.
_c23 cm.
490 0 _aŚrīsūktimālā ;
_vmalar 22
500 _aIn Tamil.
500 _aPreviously published serially in Śrīvaiṣṇava Sūtarcan̲am.
650 0 _aHindu devotional literature, Tamil.
700 0 _aPūtattāl̲vār.
700 0 _aPeriyavāccān̲piḷḷai,
_dactive 15th century.
700 0 _aAppiḷḷai.
700 2 _aKrishnaswamy Iyengar, Srinivasa,
_d1924-
999 _c89621
_d89621